000 00528nam a2200181Ia 4500
005 20250326130254.0
008 250326s9999 xx 000 0 und d
037 _aTextbook
040 _aFMSL
_beng
_cFMSL
041 _aeng
_2eng
084 _aX8(A):8 L3
_qFMSL
100 _aConyngham W J
_9740338
245 0 _aIndustrial management in the Soviet Unions
_cConyngham W J
260 _aNew Delhi
_bNew Delhi, Hoover Institution
_c1973
300 _a378p
942 _cTB
_hX8(A):8 L3
999 _c1281760
_d1281760